| Registos Bibliográficos associados ao registo de autoridade |
|
Etiqueta de registo: 00254nkc 2200109 450 001 2218670 003 http://id.bnportugal.gov.pt/bib/catbnp/2218670 100 ## $a20250630d1979 am y0pory0103 ba 101 0# $apor 102 ## $aPT 200 1# $aNatal Feliz e próspero Ano Novo $bVisual gráfico]$f[Thomas Pereira] 210 #9 $a[Lisboa]$cCromocolor,$d[D.L. 1979]$e[Amadora] :$gGratello, S.A.R.L.) 215 ## $a1 postal de Boas Festas$ccolor.$d15,5x10,8 cm (dobr.) 306 ## $aDatação atribuída em conformidade com o registo de Depósito Legal 316 ## $aPostais não circulados 675 ## $a398.3(084.0)$vBN$zpor$31411431 702 #1 $aPereira,$bThomas $4410$31958816 712 02 $aCromocolor$4650$31495089 801 #0 $aPT$bBN$gRPC 966 ## $lBN$mICONOG$sP.I. 22488 P.$x1 971 ## $cfpinelo$d20250630
Etiqueta de registo: 00254nkc 2200109 450 001 2218664 003 http://id.bnportugal.gov.pt/bib/catbnp/2218664 100 ## $a20250630d1979 am y0pory0103 ba 101 0# $apor 102 ## $aPT 200 1# $aFeliz Natal$bVisual gráfico]$fThomas Pereira 210 #9 $a[Lisboa]$cCromocolor,$d[D.L. 1979]$e[Amadora] :$gGratelo, S.A.R.L.) 215 ## $a2 postais de Boas Festas$ccolor.$d10,8x15,5 cm 306 ## $aDatação atribuída em conformidade com o registo de Depósito Legal 675 ## $a398.3(084.0)$vBN$zpor$31411431 675 ## $a741"19"(084.0)$vBN$zpor$31941695 702 #1 $aPereira,$bThomas $4410$31958816 712 02 $aCromocolor$4650$31495089 801 #0 $aPT$bBN$gRPC 966 ## $lBN$mICONOG$sP.I. 22493 P.$x1 966 ## $lBN$mICONOG$sP.I. 22494 P.$x1 971 ## $cfpinelo$d20250630
Etiqueta de registo: 00254nkm 2200109 450 001 2220431 003 http://id.bnportugal.gov.pt/bib/catbnp/2220431 100 ## $a20250716d1979 am y0pory0103 ba 101 0# $apor 102 ## $aPT 200 1# $aNatal Feliz e próspero Ano Novo$bVisual gráfico]$fThomas Pereira 210 #9 $a[Lisboa]$cCromocolor,$d[D.L. 1979]$e[Amadora] :$gGratelo, S.A.R.L.) 215 ## $a1 cartão de boas festas$ccolor.$d10,8x15,5 cm (dobr.) 306 ## $aDatação atribuída em conformidade com o registo de Depósito Legal 675 ## $a398.3(084.0)$vBN$zpor$31411431 675 ## $a741"19"(084.0)$vBN$zpor$31941695 702 #1 $aPereira,$bThomas $4410$31958816 712 02 $aCromocolor$4650$31495089 801 #0 $aPT$bBN$gRPC 966 ## $lBN$mICONOG$sP.I. 22492 P.$x1 971 ## $cfpinelo$d20250716
Etiqueta de registo: 00254nkc 2200109 450 001 2220424 003 http://id.bnportugal.gov.pt/bib/catbnp/2220424 100 ## $a20250630d1979 am y0pory0103 ba 101 0# $apor 102 ## $aPT 200 1# $aFeliz Natal, Ano Novo próspero$bVisual gráfico]$fThomas Pereira 210 #9 $a[Lisboa]$cCromocolor,$d[D.L. 1979]$e[Amadora] :$gGratelo, S.A.R.L.) 215 ## $a1 postal de Boas Festas$ccolor.$d10,8x15,5 cm (dobr.) 306 ## $aDatação atribuída em conformidade com o registo de Depósito Legal 675 ## $a398.3(084.0)$vBN$zpor$31411431 675 ## $a741"19"(084.0)$vBN$zpor$31941695 702 #1 $aPereira,$bThomas $4410$31958816 712 02 $aCromocolor$4650$31495089 801 #0 $aPT$bBN$gRPC 966 ## $lBN$mICONOG$sP.I. 22491 P.$x1 971 ## $cfpinelo$d20250716
Etiqueta de registo: 00254nkc 2200109 450 001 2220413 003 http://id.bnportugal.gov.pt/bib/catbnp/2220413 100 ## $a20250630d1979 am y0pory0103 ba 101 0# $apor 102 ## $aPT 200 1# $aFeliz Natal e Bom Ano Novo$bVisual gráfico]$fThomas Pereira 210 #9 $a[Lisboa]$cCromocolor,$d[D.L. 1979]$e[Amadora] :$gGratelo, S.A.R.L.) 215 ## $a1 postal de Boas Festas$ccolor.$d10,8x15,5 cm (dobr.) 306 ## $aDatação atribuída em conformidade com o registo de Depósito Legal 675 ## $a398.3(084.0)$vBN$zpor$31411431 675 ## $a741"19"(084.0)$vBN$zpor$31941695 702 #1 $aPereira,$bThomas $4410$31958816 712 02 $aCromocolor$4650$31495089 801 #0 $aPT$bBN$gRPC 966 ## $lBN$mICONOG$sP.I. 22482 P.$x1 971 ## $cfpinelo$d20250716
Etiqueta de registo: 00254nkm 2200109 450 001 2284618 003 http://id.bnportugal.gov.pt/bib/catbnp/2284618 100 ## $a20260416d1979 am y0pory0103 ba 101 0# $apor 102 ## $aPT 200 1# $aFeliz Natal e próspero Ano Novo$bVisual gráfico]$f[Thomas Pereira] 210 #9 $a[Lisboa]$cCromocolor,$d[D.L. 1979]$e[Amadora] :$gGratelo, S.A.R.L.) 215 ## $a1 postal de Boas Festas$ccolor.$d10,8x15,5 cm (dobr.) 306 ## $aDatação atribuída em conformidade com o registo de Depósito Legal 675 ## $a398.3(084.0)$vBN$zpor$31411431 675 ## $a741"19"(084.0)$vBN$zpor$31941695 702 #1 $aPereira,$bThomas $4410$31958816 712 02 $aCromocolor$4650$31495089 801 #0 $aPT$bBN$gRPC 966 ## $lBN$mICONOG$sP.I. 22490 P.$x1 971 ## $ccvalente$d20260416
Etiqueta de registo: 00254nkm 2200109 450 001 2284617 003 http://id.bnportugal.gov.pt/bib/catbnp/2284617 100 ## $a20260416d1979 am y0pory0103 ba 101 0# $apor 102 ## $aPT 200 1# $aFeliz Natal e próspero Ano Novo$bVisual gráfico]$f[Thomas Pereira] 210 #9 $a[Lisboa]$cCromocolor,$d[D.L. 1979]$e[Amadora] :$gGratelo, S.A.R.L.) 215 ## $a1 postal de Boas Festas$ccolor.$d10,8x15,5 cm (dobr.) 306 ## $aDatação atribuída em conformidade com o registo de Depósito Legal 675 ## $a398.3(084.0)$vBN$zpor$31411431 675 ## $a741"19"(084.0)$vBN$zpor$31941695 702 #1 $aPereira,$bThomas $4410$31958816 712 02 $aCromocolor$4650$31495089 801 #0 $aPT$bBN$gRPC 966 ## $lBN$mICONOG$sP.I. 22489 P.$x1 971 ## $ccvalente$d20260416
Etiqueta de registo: 00254nkm 2200109 450 001 2284616 003 http://id.bnportugal.gov.pt/bib/catbnp/2284616 100 ## $a20260416d1979 am y0pory0103 ba 101 0# $apor 102 ## $aPT 200 1# $aFeliz Natal e Ano Novo próspero$bVisual gráfico]$f[Thomas Pereira] 210 #9 $a[Lisboa]$cCromocolor,$d[D.L. 1979]$e[Amadora] :$gGratelo, S.A.R.L.) 215 ## $a1 postal de Boas Festas$ccolor.$d10,8x15,5 cm (dobr.) 306 ## $aDatação atribuída em conformidade com o registo de Depósito Legal 675 ## $a398.3(084.0)$vBN$zpor$31411431 675 ## $a741"19"(084.0)$vBN$zpor$31941695 702 #1 $aPereira,$bThomas $4410$31958816 712 02 $aCromocolor$4650$31495089 801 #0 $aPT$bBN$gRPC 966 ## $lBN$mICONOG$sP.I. 22486 P.$x1 971 ## $ccvalente$d20260416
Etiqueta de registo: 00254nkm 2200109 450 001 2284615 003 http://id.bnportugal.gov.pt/bib/catbnp/2284615 100 ## $a20260416d1979 am y0pory0103 ba 101 0# $apor 102 ## $aPT 200 1# $aFeliz Natal e Ano Novo próspero$bVisual gráfico]$f[Thomas Pereira] 210 #9 $a[Lisboa]$cCromocolor,$d[D.L. 1979]$e[Amadora] :$gGratelo, S.A.R.L.) 215 ## $a1 postal de Boas Festas$ccolor.$d10,8x15,5 cm (dobr.) 306 ## $aDatação atribuída em conformidade com o registo de Depósito Legal 675 ## $a398.3(084.0)$vBN$zpor$31411431 675 ## $a741"19"(084.0)$vBN$zpor$31941695 702 #1 $aPereira,$bThomas $4410$31958816 712 02 $aCromocolor$4650$31495089 801 #0 $aPT$bBN$gRPC 966 ## $lBN$mICONOG$sP.I. 22487 P.$x1 971 ## $ccvalente$d20260416
Etiqueta de registo: 00254nkm 2200109 450 001 2284614 003 http://id.bnportugal.gov.pt/bib/catbnp/2284614 100 ## $a20260416d1979 am y0pory0103 ba 101 0# $apor 102 ## $aPT 200 1# $aFeliz Natal e Bom Ano Novo$bVisual gráfico]$fThomas Pereira 210 #9 $a[Lisboa]$cCromocolor,$d[D.L. 1979]$e[Amadora] :$gGratelo, S.A.R.L.) 215 ## $a1 postal de Boas Festas$ccolor.$d10,8x15,5 cm (dobr.) 306 ## $aDatação atribuída em conformidade com o registo de Depósito Legal 675 ## $a398.3(084.0)$vBN$zpor$31411431 675 ## $a741"19"(084.0)$vBN$zpor$31941695 702 #1 $aPereira,$bThomas $4410$31958816 712 02 $aCromocolor$4650$31495089 801 #0 $aPT$bBN$gRPC 966 ## $lBN$mICONOG$sP.I. 22484 P.$x1 971 ## $ccvalente$d20260416
Etiqueta de registo: 00254nkm 2200109 450 001 2284613 003 http://id.bnportugal.gov.pt/bib/catbnp/2284613 100 ## $a20260416d1979 am y0pory0103 ba 101 0# $apor 102 ## $aPT 200 1# $aFeliz Natal e Bom Ano Novo$bVisual gráfico]$fThomas Pereira 210 #9 $a[Lisboa]$cCromocolor,$d[D.L. 1979]$e[Amadora] :$gGratelo, S.A.R.L.) 215 ## $a1 postal de Boas Festas$ccolor.$d10,8x15,5 cm (dobr.) 306 ## $aDatação atribuída em conformidade com o registo de Depósito Legal 675 ## $a398.3(084.0)$vBN$zpor$31411431 675 ## $a741"19"(084.0)$vBN$zpor$31941695 702 #1 $aPereira,$bThomas $4410$31958816 712 02 $aCromocolor$4650$31495089 801 #0 $aPT$bBN$gRPC 966 ## $lBN$mICONOG$sP.I. 22483 P.$x1 971 ## $ccvalente$d20260416
|
|
|